000 01976nam0a2200349 4500
001 RU\NLR\BIBL_A\021947795
005 20230615164013.0
010 _a978-5-907389-75-5
_9500
021 _aRU
_bКН-П-23-027825
_9КН-П-23-2771
035 _a(NLR Aleph) 021947795
035 _a(RuMoRGB)011760694
090 _a13207212
_c13207212
100 _a20230525d2023 u y0rusy50 ca
101 0 _arus
102 _aRU
105 _ay|||j||||||z|
181 1 _ai
_baxxe
182 1 _an
200 1 _aДосудебное соглашение о сотрудничестве как эффективное средство борьбы с организованной преступностью
_eучебно-методическое пособие
_fА. М. Наумов
_gПрезидентская академия РАНХИГС, Владимир
203 _aТекст
_bвизуальный
_cнепосредственный
210 _aВладимир
_cВладимирский филиал РАНХиГС
_d2023
215 _a237 с.
_d21
300 _aНа обороте тит. с. авт.: канд. юрид. наук, поф. А. М. Наумов
320 _aБиблиогр.: с. 233-236, в подстроч. примеч. и в тексте
606 1 _aДосудебные соглашения о сотрудничестве
_jУчебно-методические пособия
_92321982
_3RU\NLR\AUTH\6601613858
606 1 _aОрганизованная преступность
_jУчебно-методические пособия
_xСудебное разбирательство
_yРоссийская Федерация
_92628670
_3RU\NLR\AUTH\661565230
686 1 _aХ629.37я7
700 1 _7ca
_8rus
_aНаумов
_bА. М.
_cканд. юрид. наук
_f1963-
_gАндрей Михайлович
_999461
_3RU\NLR\AUTH\77116536
942 _cBOOK
980 _aNB